000 00559nam a2200241Ia 4500
003 OSt
005 20221005132820.0
006 a|||||r|||| 00| 0
007 ta
008 221004b |||||||| |||| 00| 0 tam d
024 _a45617
037 _cTextual
040 _aCRL
_cCRL
_btam
041 _2tam
_atam
082 _az, 31K6
100 _aThijara
_9632223
245 0 _aValarchiyum vazhvum
260 _c1956
300 _a90p.
_ccm.
650 _aGENERALIA
942 _hz, 31K6
_cTEXL
_2cc
999 _c1064908
_d1064908